[Event "III Torneo Internazionale"]
[Site "Bari ITA"]
[Date "1972.07.??"]
[Round "1"]
[White "Bobotsov, Milko Georgiev"]
[Black "Paoli, Enrico"]
[Result "1-0"]
[WhiteElo "2455"]
[BlackElo "2300"]
[PlyCount "105"]
[EventDate "1972.07.26"]

1. d4 d5 2. c4 c6 3. Nf3 Nf6 4. Nc3 e6 5. cxd5 cxd5 6. Bg5 Be7 7. e3 O-O 8. Bd3
Nc6 9. Rc1 Bd7 10. Bb1 Rc8 11. O-O h6 12. Bh4 Nh5 13. Bxe7 Qxe7 14. Ne5 Nxe5
15. dxe5 g6 16. Qd4 b6 17. Bd3 Bc6 18. Rc2 Rfd8 19. Rfc1 Be8 20. Ba6 Ra8 21. g4
Ng7 22. Qf4 Qg5 23. Qxg5 hxg5 24. Ne2 Ba4 25. b3 Bd7 26. Nd4 Ne8 27. a4 Kg7 28.
Kg2 f6 29. f4 gxf4 30. exf4 g5 31. Kg3 gxf4+ 32. Kxf4 fxe5+ 33. Kxe5 Nf6 34. h3
Ne4 35. Rc7 Kh8 36. Bb7 Rab8 37. Bc6 Nc5 38. Bxd7 Nxd7+ 39. Kxe6 Nc5+ 40. Kf5
Rg8 41. Ne6 Nxe6 42. Kxe6 Rbd8 43. Rd1 d4 44. Rd7 Rge8+ 45. Re7 d3 46. Rxe8+
Rxe8+ 47. Kf5 Re3 48. h4 a5 49. h5 Kg7 50. g5 Rf3+ 51. Ke4 Rg3 52. Rxd3 Rxg5
53. Rd5 1-0

[Event "III Torneo Internazionale"]
[Site "Bari ITA"]
[Date "1972.07.??"]
[Round "1"]
[White "Cappello, Renato"]
[Black "Sydor, Andrzej"]
[Result "1/2-1/2"]
[WhiteElo "2215"]
[BlackElo "2390"]
[PlyCount "33"]
[EventDate "1972.07.26"]

1. e4 e5 2. Nf3 Nc6 3. Nc3 g6 4. d4 exd4 5. Nd5 Bg7 6. Bg5 Nge7 7. e5 h6 8.
Bxe7 Nxe7 9. Qxd4 Nxd5 10. Qxd5 d6 11. O-O-O O-O 12. Bc4 Bxe5 13. Nxe5 Qg5+ 14.
Qd2 Qxd2+ 15. Rxd2 dxe5 16. Re1 Re8 17. Rde2 1/2-1/2

[Event "III Torneo Internazionale"]
[Site "Bari ITA"]
[Date "1972.07.??"]
[Round "1"]
[White "O'Kelly de Galway, Alberic"]
[Black "Padevsky, Nikola Bochev"]
[Result "1/2-1/2"]
[WhiteElo "2450"]
[BlackElo "2430"]
[PlyCount "33"]
[EventDate "1972.07.26"]

1. c4 c5 2. Nf3 Nc6 3. d4 cxd4 4. Nxd4 Nf6 5. Nc3 g6 6. e4 Nxd4 7. Qxd4 d6 8.
Be3 Bg7 9. Be2 O-O 10. Qd2 Be6 11. f3 a6 12. O-O Qa5 13. Rfd1 Rfc8 14. Nd5 Qxd2
15. Rxd2 Nxd5 16. exd5 Bd7 17. a4 1/2-1/2

[Event "III Torneo Internazionale"]
[Site "Bari ITA"]
[Date "1972.07.??"]
[Round "2"]
[White "Cosulich, Roberto"]
[Black "O'Kelly de Galway, Alberic"]
[Result "1/2-1/2"]
[WhiteElo "2380"]
[BlackElo "2450"]
[PlyCount "30"]
[EventDate "1972.07.26"]

1. Nf3 Nf6 2. b3 c5 3. Bb2 Nc6 4. e3 g6 5. c4 Bg7 6. Be2 O-O 7. O-O b6 8. d4
cxd4 9. Nxd4 Bb7 10. Bf3 Rb8 11. Nxc6 Bxc6 12. Nc3 Ne4 13. Qc2 Nxc3 14. Bxc6
dxc6 15. Bxc3 Qc7 1/2-1/2

[Event "III Torneo Internazionale"]
[Site "Bari ITA"]
[Date "1972.07.??"]
[Round "2"]
[White "Damjanovic, Mato"]
[Black "Tatai, Stefano"]
[Result "1/2-1/2"]
[WhiteElo "2465"]
[BlackElo "2460"]
[PlyCount "22"]
[EventDate "1972.07.26"]

1. Nf3 Nf6 2. b3 g6 3. Bb2 Bg7 4. d4 O-O 5. g3 c6 6. Bg2 a5 7. a4 d6 8. O-O Bg4
9. Nbd2 d5 10. Ne5 Bf5 11. e3 Na6 1/2-1/2

[Event "III Torneo Internazionale"]
[Site "Bari ITA"]
[Date "1972.07.??"]
[Round "2"]
[White "Lengyel, Levente"]
[Black "Bobotsov, Milko Georgiev"]
[Result "1-0"]
[WhiteElo "2455"]
[BlackElo "2455"]
[PlyCount "95"]
[EventDate "1972.07.26"]

1. Nf3 c5 2. c4 Nc6 3. Nc3 g6 4. e3 d6 5. d4 Bg4 6. Be2 cxd4 7. exd4 Bg7 8. d5
Bxf3 9. Bxf3 Nd4 10. Be4 Qd7 11. Be3 Nf5 12. Bxf5 Bxc3+ 13. bxc3 Qxf5 14. O-O
Nf6 15. Bh6 O-O-O 16. Be3 a6 17. Rb1 Ne4 18. Rxb7 Kxb7 19. Qb3+ Ka8 20. Qb6 Nc5
21. Bxc5 dxc5 22. Qxa6+ Kb8 23. Qb6+ Ka8 24. Rb1 Qxb1+ 25. Qxb1 Rb8 26. Qc1
Rhc8 27. g3 f6 28. Qh6 g5 29. Qxh7 Rb7 30. Qe4 Kb8 31. Kg2 Rd8 32. Qe6 Rd6 33.
Qg8+ Ka7 34. Qc8 Kb6 35. a4 Ra7 36. Qb8+ Rb7 37. a5+ Ka6 38. Qa8+ Ra7 39. Qc8+
Rb7 40. Qxc5 Rdd7 41. h4 gxh4 42. gxh4 Rdc7 43. Qd4 e5 44. Qd3 Kxa5 45. d6 Rg7+
46. Kf3 Ka4 47. c5 f5 48. Qa6+ 1-0

[Event "III Torneo Internazionale"]
[Site "Bari ITA"]
[Date "1972.07.??"]
[Round "2"]
[White "Sydor, Andrzej"]
[Black "Paoli, Enrico"]
[Result "1-0"]
[WhiteElo "2390"]
[BlackElo "2300"]
[PlyCount "91"]
[EventDate "1972.07.26"]

1. f4 Nf6 2. Nf3 c5 3. d3 d5 4. c3 Nc6 5. Qc2 Qc7 6. e4 dxe4 7. dxe4 e5 8. f5
Be7 9. Be3 b6 10. Be2 Bb7 11. Nfd2 h5 12. h3 h4 13. Na3 a6 14. Bf3 b5 15. Nab1
Nd7 16. a4 c4 17. axb5 axb5 18. Rxa8+ Bxa8 19. b3 Na5 20. b4 Nc6 21. Na3 Qb7
22. Qa2 O-O 23. O-O Nf6 24. Qb1 Rd8 25. Qe1 Nh7 26. Nab1 Rd3 27. Bf2 Qd7 28.
Be2 Rd6 29. Nf3 Bf6 30. Bc5 Ne7 31. Bxd6 Qxd6 32. Qf2 Bxe4 33. Rd1 Qb8 34. Nxh4
Bc2 35. Rc1 Bxh4 36. Qxh4 Nxf5 37. Qf2 Bxb1 38. Rxb1 Nd6 39. Qe3 Nf8 40. Qxe5
Ng6 41. Qe3 Nf5 42. Qf2 Qe5 43. Bg4 Ng3 44. Re1 Qxc3 45. Re8+ Kh7 46. Kh2 1-0

[Event "III Torneo Internazionale"]
[Site "Bari ITA"]
[Date "1972.07.??"]
[Round "3"]
[White "Bobotsov, Milko Georgiev"]
[Black "Padevsky, Nikola Bochev"]
[Result "1/2-1/2"]
[WhiteElo "2455"]
[BlackElo "2430"]
[PlyCount "37"]
[EventDate "1972.07.26"]

1. d4 d5 2. c4 c6 3. cxd5 cxd5 4. Nc3 Nf6 5. Nf3 Nc6 6. Bf4 Bf5 7. e3 e6 8. Bd3
Bxd3 9. Qxd3 Bd6 10. Bxd6 Qxd6 11. O-O O-O 12. Rfc1 Rfc8 13. h3 Qe7 14. a3 Na5
15. Nd2 Nc4 16. Nxc4 Rxc4 17. Ne2 Rac8 18. Rxc4 Rxc4 19. Rc1 1/2-1/2

[Event "III Torneo Internazionale"]
[Site "Bari ITA"]
[Date "1972.07.??"]
[Round "3"]
[White "O'Kelly de Galway, Alberic"]
[Black "Damjanovic, Mato"]
[Result "1/2-1/2"]
[WhiteElo "2450"]
[BlackElo "2465"]
[PlyCount "43"]
[EventDate "1972.07.26"]

1. d4 Nf6 2. c4 c5 3. d5 b5 4. cxb5 a6 5. bxa6 Bxa6 6. Nc3 d6 7. Nf3 g6 8. e4
Bxf1 9. Kxf1 Nbd7 10. h3 Bg7 11. Kg1 O-O 12. Kh2 Qa5 13. Re1 Rfb8 14. Re2 Ne8
15. Rc2 Nc7 16. Bg5 Qa6 17. Rb1 Bxc3 18. bxc3 f6 19. Rxb8+ Rxb8 20. Bc1 Qc4 21.
Qe2 Qxe2 22. Rxe2 1/2-1/2

[Event "III Torneo Internazionale"]
[Site "Bari ITA"]
[Date "1972.07.??"]
[Round "3"]
[White "Paoli, Enrico"]
[Black "Lengyel, Levente"]
[Result "0-1"]
[WhiteElo "2300"]
[BlackElo "2455"]
[PlyCount "80"]
[EventDate "1972.07.26"]

1. e4 e5 2. Nf3 Nc6 3. Bc4 Nf6 4. Ng5 d5 5. exd5 Na5 6. Bb5+ c6 7. dxc6 bxc6 8.
Be2 h6 9. Nh3 Bd6 10. d3 O-O 11. Nc3 Nd5 12. Ne4 Bc7 13. c4 Ne7 14. b4 Nb7 15.
Be3 Ng6 16. O-O Qh4 17. f3 Bxh3 18. gxh3 Qxh3 19. Kh1 f5 20. Nf2 Qh4 21. Rg1
Nf4 22. Qf1 Nd8 23. Bxf4 Qxf4 24. Rg6 Qd4 25. Qg1 Rf7 26. Nh3 Qb2 27. Qe1 Kh7
28. Rg2 Ne6 29. f4 Qd4 30. Bh5 Rf6 31. fxe5 Bxe5 32. Rd1 Qd6 33. Re2 Bd4 34.
Bf3 Rb8 35. a3 g5 36. c5 Qd7 37. Bg2 g4 38. Ng1 Rg8 39. Qf1 f4 40. Be4+ Kh8 0-1

[Event "III Torneo Internazionale"]
[Site "Bari ITA"]
[Date "1972.07.??"]
[Round "3"]
[White "Tatai, Stefano"]
[Black "Cappello, Renato"]
[Result "0-1"]
[WhiteElo "2460"]
[BlackElo "2215"]
[PlyCount "80"]
[EventDate "1972.07.26"]

1. d4 Nf6 2. c4 e6 3. Nf3 b6 4. g3 Bb7 5. Bg2 Be7 6. Nc3 O-O 7. d5 exd5 8. cxd5
Bb4 9. Nh4 c6 10. dxc6 Bxc6 11. Bd2 Bxg2 12. Nxg2 d5 13. O-O Nbd7 14. a3 Be7
15. Bf4 Nc5 16. Rc1 Qd7 17. b4 Ne6 18. Qa4 Qb7 19. Rfd1 Rfd8 20. Nb5 a6 21. Nd4
b5 22. Qb3 Rac8 23. Nf5 Bf8 24. Be5 Nd7 25. Rxc8 Qxc8 26. Bxg7 Qc4 27. Qxc4
dxc4 28. Bc3 Nb6 29. Rxd8 Nxd8 30. Nge3 Na4 31. Nd5 Nc6 32. Ba1 a5 33. Nf6+ Kh8
34. Nd5+ Kg8 35. Nf6+ Kh8 36. Nd7+ Kg8 37. Nxf8 Kxf8 38. Nd6 axb4 39. Nxb5 c3
40. Bxc3 Nxc3 0-1

[Event "III Torneo Internazionale"]
[Site "Bari ITA"]
[Date "1972.07.??"]
[Round "4"]
[White "Cappello, Renato"]
[Black "O'Kelly de Galway, Alberic"]
[Result "1/2-1/2"]
[WhiteElo "2215"]
[BlackElo "2450"]
[PlyCount "26"]
[EventDate "1972.07.26"]

1. e4 e5 2. Nf3 Nc6 3. Nc3 g6 4. d4 exd4 5. Nd5 Bg7 6. Bg5 Nce7 7. e5 h6 8.
Bxe7 Nxe7 9. Qxd4 Nxd5 10. Qxd5 d6 11. O-O-O O-O 12. Bc4 Bxe5 13. Nxe5 Qg5+
1/2-1/2

[Event "III Torneo Internazionale"]
[Site "Bari ITA"]
[Date "1972.07.??"]
[Round "4"]
[White "Cosulich, Roberto"]
[Black "Bobotsov, Milko Georgiev"]
[Result "1/2-1/2"]
[WhiteElo "2380"]
[BlackElo "2455"]
[PlyCount "32"]
[EventDate "1972.07.26"]

1. e4 c5 2. Nf3 e6 3. d4 cxd4 4. Nxd4 a6 5. Bd3 Ne7 6. O-O Nbc6 7. Nb3 d5 8.
Nc3 Nb4 9. exd5 Nexd5 10. Be4 Be7 11. Bxd5 Nxd5 12. Nxd5 exd5 13. Be3 O-O 14.
Bc5 Re8 15. Bxe7 Rxe7 16. Re1 Bf5 1/2-1/2

[Event "III Torneo Internazionale"]
[Site "Bari ITA"]
[Date "1972.07.??"]
[Round "4"]
[White "Padevsky, Nikola Bochev"]
[Black "Paoli, Enrico"]
[Result "1-0"]
[WhiteElo "2430"]
[BlackElo "2300"]
[PlyCount "67"]
[EventDate "1972.07.26"]

1. e4 d6 2. g3 Nf6 3. Bg2 Nc6 4. d4 e5 5. Ne2 g6 6. h3 Bg7 7. d5 Ne7 8. c4 O-O
9. Nbc3 c6 10. O-O a6 11. Be3 cxd5 12. cxd5 b5 13. Qd2 Nd7 14. Rfc1 Nb6 15. b3
Bd7 16. f3 Kh8 17. Rc2 Rc8 18. Rac1 Ng8 19. Nd1 Na8 20. Rxc8 Bxc8 21. Nf2 Bb7
22. Nd3 Ne7 23. Nc3 f5 24. a4 bxa4 25. Nxa4 Qd7 26. Ndb2 Nc8 27. Qb4 f4 28.
gxf4 Bh6 29. Nc4 Bxf4 30. Bxf4 Rxf4 31. Na5 Bxd5 32. Qb8 Qa7+ 33. Qxa7 Nxa7 34.
exd5 1-0

[Event "III Torneo Internazionale"]
[Site "Bari ITA"]
[Date "1972.07.??"]
[Round "4"]
[White "Sydor, Andrzej"]
[Black "Lengyel, Levente"]
[Result "1/2-1/2"]
[WhiteElo "2390"]
[BlackElo "2455"]
[PlyCount "30"]
[EventDate "1972.07.26"]

1. e4 c6 2. Nc3 d5 3. Qf3 dxe4 4. Nxe4 Nd7 5. d4 Ngf6 6. Bd3 Nxe4 7. Qxe4 Nf6
8. Qh4 Bf5 9. Bxf5 Qa5+ 10. c3 Qxf5 11. Nf3 e6 12. Qf4 Qxf4 13. Bxf4 Be7 14.
O-O-O O-O 15. Rhe1 Rfd8 1/2-1/2

[Event "III Torneo Internazionale"]
[Site "Bari ITA"]
[Date "1972.07.??"]
[Round "5"]
[White "Bobotsov, Milko Georgiev"]
[Black "Damjanovic, Mato"]
[Result "1/2-1/2"]
[WhiteElo "2455"]
[BlackElo "2465"]
[PlyCount "59"]
[EventDate "1972.07.26"]

1. d4 Nf6 2. c4 c5 3. d5 b5 4. cxb5 a6 5. bxa6 Bxa6 6. Nc3 d6 7. Nf3 g6 8. e4
Bxf1 9. Kxf1 Bg7 10. g3 O-O 11. Kg2 Nbd7 12. h3 Qa5 13. Re1 Rfb8 14. Re2 Ne8
15. Bg5 Bxc3 16. bxc3 Qxc3 17. Rc1 Qg7 18. e5 f6 19. exf6 exf6 20. Bf4 g5 21.
Qe1 Ne5 22. Bxe5 fxe5 23. Rc4 Nf6 24. Qd2 h6 25. h4 g4 26. Nh2 Qg6 27. Nf1 Rb1
28. Ne3 h5 29. Qc2 Qxc2 30. Rcxc2 1/2-1/2

[Event "III Torneo Internazionale"]
[Site "Bari ITA"]
[Date "1972.07.??"]
[Round "5"]
[White "Lengyel, Levente"]
[Black "Padevsky, Nikola Bochev"]
[Result "1/2-1/2"]
[WhiteElo "2455"]
[BlackElo "2430"]
[PlyCount "30"]
[EventDate "1972.07.26"]

1. Nf3 Nf6 2. c4 c5 3. Nc3 d5 4. cxd5 Nxd5 5. g3 Nc6 6. Bg2 Nc7 7. O-O e5 8. b3
Be7 9. Bb2 O-O 10. Rc1 f6 11. Ne1 Bd7 12. Nd3 Rc8 13. f4 exf4 14. gxf4 b6 15.
Ne4 Nd4 1/2-1/2

[Event "III Torneo Internazionale"]
[Site "Bari ITA"]
[Date "1972.07.??"]
[Round "5"]
[White "Paoli, Enrico"]
[Black "Cosulich, Roberto"]
[Result "1/2-1/2"]
[WhiteElo "2300"]
[BlackElo "2380"]
[PlyCount "26"]
[EventDate "1972.07.26"]

1. e4 e6 2. d4 d5 3. Nd2 c5 4. exd5 exd5 5. Bb5+ Bd7 6. Qe2+ Be7 7. dxc5 Nf6 8.
Bxd7+ Nbxd7 9. Nb3 O-O 10. Be3 Re8 11. Nf3 Bxc5 12. Nfd4 Bxd4 13. Nxd4 Ne5
1/2-1/2

[Event "III Torneo Internazionale"]
[Site "Bari ITA"]
[Date "1972.07.??"]
[Round "5"]
[White "Tatai, Stefano"]
[Black "Sydor, Andrzej"]
[Result "1/2-1/2"]
[WhiteElo "2460"]
[BlackElo "2390"]
[PlyCount "86"]
[EventDate "1972.07.26"]

1. e4 e5 2. Nf3 Nc6 3. Bb5 a6 4. Ba4 b5 5. Bb3 Na5 6. O-O d6 7. d4 f6 8. Be3
Bb7 9. Nfd2 Nxb3 10. axb3 exd4 11. Bxd4 Nh6 12. c4 b4 13. Re1 Be7 14. Qh5+ Nf7
15. Nf1 Qd7 16. Nbd2 O-O 17. f4 Rae8 18. Bf2 g6 19. Qa5 c5 20. Ne3 Nd8 21. Nd5
Nc6 22. Qc7 Qxc7 23. Nxc7 Rc8 24. Nd5 Bd8 25. Nf3 Ne7 26. Rad1 Nxd5 27. exd5
Bc7 28. Bh4 Rf7 29. g4 Rcf8 30. h3 Bc8 31. Bg3 Bd7 32. Kf2 Re8 33. Rxe8+ Bxe8
34. f5 Re7 35. Rd3 Bd7 36. Nh4 Kf7 37. Re3 Rxe3 38. Kxe3 a5 39. Kd3 Kg7 40. Kc2
Kh6 41. Bf4+ Kg7 42. Bc1 Bd8 43. Kd3 Kf7 1/2-1/2

[Event "III Torneo Internazionale"]
[Site "Bari ITA"]
[Date "1972.07.??"]
[Round "6"]
[White "Cappello, Renato"]
[Black "Bobotsov, Milko Georgiev"]
[Result "0-1"]
[WhiteElo "2215"]
[BlackElo "2455"]
[PlyCount "78"]
[EventDate "1972.07.26"]

1. e4 c5 2. Nf3 Nc6 3. d4 cxd4 4. Nxd4 Qc7 5. Nc3 e6 6. Bc4 a6 7. O-O Nf6 8.
Re1 Nxd4 9. Qxd4 Bc5 10. Bf4 Bxd4 11. Bxc7 b5 12. Bb3 Bb7 13. e5 Rc8 14. exf6
Rxc7 15. fxg7 Rg8 16. Nd1 Rxg7 17. g3 h5 18. c3 Bb6 19. Ne3 Rc5 20. Ng2 Rf5 21.
Re2 Kd8 22. Bc2 Rf6 23. a4 Rg4 24. axb5 axb5 25. Rd2 Kc7 26. Re1 b4 27. Ne3
bxc3 28. bxc3 Rg5 29. Nc4 Bc5 30. Re5 Rxe5 31. Nxe5 d6 32. Nd3 Bb6 33. Bd1 h4
34. gxh4 Rg6+ 35. Kf1 Rg2 36. Ne1 Rxh2 37. Nf3 Rh1+ 38. Kg2 Rxh4 39. Kg3 Rh7
0-1

[Event "III Torneo Internazionale"]
[Site "Bari ITA"]
[Date "1972.07.??"]
[Round "6"]
[White "Cosulich, Roberto"]
[Black "Lengyel, Levente"]
[Result "1/2-1/2"]
[WhiteElo "2380"]
[BlackElo "2455"]
[PlyCount "23"]
[EventDate "1972.07.26"]

1. e4 c5 2. Nf3 Nc6 3. Bb5 g6 4. O-O Bg7 5. Nc3 Nd4 6. Bc4 d6 7. Nxd4 cxd4 8.
Ne2 Nf6 9. d3 Qb6 10. c3 dxc3 11. Nxc3 O-O 12. Qb3 1/2-1/2

[Event "III Torneo Internazionale"]
[Site "Bari ITA"]
[Date "1972.07.??"]
[Round "6"]
[White "Sydor, Andrzej"]
[Black "Padevsky, Nikola Bochev"]
[Result "1/2-1/2"]
[WhiteElo "2390"]
[BlackElo "2430"]
[PlyCount "22"]
[EventDate "1972.07.26"]

1. e4 c5 2. Nf3 e6 3. c3 Nf6 4. e5 Nd5 5. Bc4 Nb6 6. Bb3 Nc6 7. O-O d6 8. d4
dxe5 9. dxe5 Qxd1 10. Rxd1 c4 11. Bc2 f5 1/2-1/2

[Event "III Torneo Internazionale"]
[Site "Bari ITA"]
[Date "1972.07.??"]
[Round "6"]
[White "Tatai, Stefano"]
[Black "O'Kelly de Galway, Alberic"]
[Result "1/2-1/2"]
[WhiteElo "2460"]
[BlackElo "2450"]
[PlyCount "32"]
[EventDate "1972.07.26"]

1. d4 Nf6 2. Nf3 e6 3. c4 b6 4. g3 Ba6 5. Qa4 Be7 6. Bg2 c6 7. Bf4 b5 8. cxb5
cxb5 9. Qd1 Bb7 10. O-O O-O 11. Nc3 b4 12. Na4 Na6 13. a3 bxa3 14. bxa3 Bc6 15.
Nc3 Nc7 16. Qd3 Ncd5 1/2-1/2

[Event "III Torneo Internazionale"]
[Site "Bari ITA"]
[Date "1972.07.??"]
[Round "7"]
[White "Lengyel, Levente"]
[Black "Damjanovic, Mato"]
[Result "1/2-1/2"]
[WhiteElo "2455"]
[BlackElo "2465"]
[PlyCount "29"]
[EventDate "1972.07.26"]

1. d4 d5 2. c4 dxc4 3. Nf3 Nf6 4. e3 Bg4 5. Bxc4 e6 6. h3 Bh5 7. O-O Nbd7 8.
Be2 c5 9. Nc3 Be7 10. b3 O-O 11. Bb2 cxd4 12. Nxd4 Bxe2 13. Qxe2 Qa5 14. Rac1
Rfc8 15. Rc2 1/2-1/2

[Event "III Torneo Internazionale"]
[Site "Bari ITA"]
[Date "1972.07.??"]
[Round "7"]
[White "O'Kelly de Galway, Alberic"]
[Black "Sydor, Andrzej"]
[Result "1/2-1/2"]
[WhiteElo "2450"]
[BlackElo "2390"]
[PlyCount "32"]
[EventDate "1972.07.26"]

1. c4 e5 2. Nc3 Nf6 3. Nf3 Nc6 4. e3 Be7 5. d4 exd4 6. Nxd4 O-O 7. Be2 Bb4 8.
O-O Bxc3 9. bxc3 Ne5 10. f3 d6 11. e4 Nfd7 12. Nf5 Nb6 13. Ne3 Be6 14. Qb3 Ned7
15. a4 Nc5 16. Qc2 a5 1/2-1/2

[Event "III Torneo Internazionale"]
[Site "Bari ITA"]
[Date "1972.07.??"]
[Round "7"]
[White "Padevsky, Nikola Bochev"]
[Black "Cosulich, Roberto"]
[Result "1-0"]
[WhiteElo "2430"]
[BlackElo "2380"]
[PlyCount "57"]
[EventDate "1972.07.26"]

1. d4 Nf6 2. c4 e6 3. Nf3 c5 4. e3 cxd4 5. exd4 d5 6. Nc3 Be7 7. cxd5 Nxd5 8.
Bd3 Nc6 9. O-O O-O 10. a3 Bf6 11. Be4 Nxc3 12. bxc3 Bd7 13. Qd3 g6 14. Bh6 Re8
15. Rab1 Qc7 16. h4 Red8 17. h5 Be8 18. Ng5 Qe7 19. Qg3 Rac8 20. Rfe1 b6 21.
hxg6 hxg6 22. d5 Ne5 23. dxe6 fxe6 24. Bc2 Rc5 25. f4 Nc6 26. Rxe6 Rxc3 27. Qe1
Qc5+ 28. Kh1 Ne5 29. Rxf6 1-0

[Event "III Torneo Internazionale"]
[Site "Bari ITA"]
[Date "1972.07.??"]
[Round "7"]
[White "Paoli, Enrico"]
[Black "Cappello, Renato"]
[Result "1-0"]
[WhiteElo "2300"]
[BlackElo "2215"]
[PlyCount "73"]
[EventDate "1972.07.26"]

1. e4 c6 2. Nc3 d5 3. Nf3 Bg4 4. h3 Bxf3 5. Qxf3 Nf6 6. d3 e6 7. a3 Bd6 8. d4
e5 9. dxe5 Bxe5 10. exd5 O-O 11. Bd2 Qb6 12. Bd3 Bxc3 13. Bxc3 Re8+ 14. Be2
Nxd5 15. O-O Nxc3 16. bxc3 Nd7 17. Rab1 Qc7 18. Rfd1 Nf6 19. Rb4 b6 20. Bf1 c5
21. Rf4 Rad8 22. Bd3 Qe5 23. g3 Kf8 24. c4 Rd4 25. Rf5 Qe7 26. Kg2 Rb8 27. Rb1
Qb7 28. Qxb7 Rxb7 29. Rxc5 Rd8 30. a4 Re7 31. Rc6 Re5 32. Rb5 Nd7 33. Rc7 Nc5
34. Rxa7 Nxd3 35. cxd3 Rxb5 36. cxb5 Rxd3 37. a5 1-0

[Event "III Torneo Internazionale"]
[Site "Bari ITA"]
[Date "1972.07.??"]
[Round "8"]
[White "Cappello, Renato"]
[Black "Lengyel, Levente"]
[Result "0-1"]
[WhiteElo "2215"]
[BlackElo "2455"]
[PlyCount "106"]
[EventDate "1972.07.26"]

1. e4 c5 2. Nf3 Nc6 3. Bb5 g6 4. O-O Bg7 5. c3 Nf6 6. e5 Nd5 7. d4 cxd4 8. cxd4
O-O 9. Nc3 Nc7 10. Bg5 d6 11. Bxc6 bxc6 12. Qa4 Ne6 13. Bh4 Bb7 14. Qa3 c5 15.
exd6 Qxd6 16. dxc5 Qf4 17. Bg3 Qf5 18. Na4 Bc6 19. Rac1 Rfd8 20. Nh4 Qg4 21.
Nc3 Nd4 22. h3 Qh5 23. Rfd1 Bf6 24. Qa6 e5 25. Rxd4 exd4 26. Qxc6 Bxh4 27. Ne4
d3 28. f3 Qh6 29. Rd1 Bxg3 30. Nxg3 Qe3+ 31. Kh2 Rac8 32. Qe4 Qxc5 33. Rxd3
Rxd3 34. Qxd3 Qe5 35. b4 h5 36. h4 Rc6 37. Kh3 Qe6+ 38. Kh2 Qd6 39. Qe3 Rc4 40.
Qg5 Qf4 41. Qxf4 Rxf4 42. Ne4 Rxh4+ 43. Kg1 Rf4 44. Kf2 Rf5 45. Ke3 h4 46. a4
Kf8 47. Kd4 h3 48. gxh3 Rxf3 49. Nc3 Rxh3 50. Nb5 Rh4+ 51. Kc5 a5 52. bxa5 Rxa4
53. Kb6 g5 0-1

[Event "III Torneo Internazionale"]
[Site "Bari ITA"]
[Date "1972.07.??"]
[Round "8"]
[White "Damjanovic, Mato"]
[Black "Padevsky, Nikola Bochev"]
[Result "1/2-1/2"]
[WhiteElo "2465"]
[BlackElo "2430"]
[PlyCount "23"]
[EventDate "1972.07.26"]

1. Nf3 d5 2. b3 Nf6 3. Bb2 g6 4. c4 c6 5. g3 Bg7 6. Bg2 O-O 7. O-O Bg4 8. d3
Nbd7 9. Nbd2 a5 10. a3 Ne8 11. Bxg7 Kxg7 12. Qc2 1/2-1/2

[Event "III Torneo Internazionale"]
[Site "Bari ITA"]
[Date "1972.07.??"]
[Round "8"]
[White "Sydor, Andrzej"]
[Black "Cosulich, Roberto"]
[Result "1/2-1/2"]
[WhiteElo "2390"]
[BlackElo "2380"]
[PlyCount "22"]
[EventDate "1972.07.26"]

1. e4 c5 2. Nf3 Nc6 3. Bb5 g6 4. O-O Bg7 5. c3 Nf6 6. Re1 O-O 7. h3 d6 8. d4
cxd4 9. cxd4 Qb6 10. Nc3 a6 11. Bf1 Rd8 1/2-1/2

[Event "III Torneo Internazionale"]
[Site "Bari ITA"]
[Date "1972.07.??"]
[Round "8"]
[White "Tatai, Stefano"]
[Black "Bobotsov, Milko Georgiev"]
[Result "1/2-1/2"]
[WhiteElo "2460"]
[BlackElo "2455"]
[PlyCount "22"]
[EventDate "1972.07.26"]

1. c4 c5 2. Nf3 Nc6 3. d4 cxd4 4. Nxd4 Nf6 5. Nc3 e6 6. g3 Qb6 7. Nb3 Ne5 8.
Bg2 Nxc4 9. e4 Bb4 10. Qe2 Bxc3+ 11. bxc3 Qc7 1/2-1/2

[Event "III Torneo Internazionale"]
[Site "Bari ITA"]
[Date "1972.07.??"]
[Round "9"]
[White "Bobotsov, Milko Georgiev"]
[Black "O'Kelly de Galway, Alberic"]
[Result "1/2-1/2"]
[WhiteElo "2455"]
[BlackElo "2450"]
[PlyCount "27"]
[EventDate "1972.07.26"]

1. d4 Nf6 2. c4 e6 3. Nf3 d5 4. cxd5 exd5 5. Nc3 c6 6. Bg5 Be7 7. e3 Bf5 8. Bd3
Bxd3 9. Bxf6 Bxf6 10. Qxd3 Be7 11. O-O Nd7 12. a3 a5 13. Qc2 O-O 14. Na4
1/2-1/2

[Event "III Torneo Internazionale"]
[Site "Bari ITA"]
[Date "1972.07.??"]
[Round "9"]
[White "Cosulich, Roberto"]
[Black "Damjanovic, Mato"]
[Result "1/2-1/2"]
[WhiteElo "2380"]
[BlackElo "2465"]
[PlyCount "23"]
[EventDate "1972.07.26"]

1. e4 c5 2. Nf3 d6 3. Bb5+ Bd7 4. Bxd7+ Qxd7 5. O-O Nf6 6. Nc3 Nc6 7. d4 cxd4
8. Nxd4 e6 9. Be3 Be7 10. f4 O-O 11. Qf3 a6 12. Rad1 1/2-1/2

[Event "III Torneo Internazionale"]
[Site "Bari ITA"]
[Date "1972.07.??"]
[Round "9"]
[White "Padevsky, Nikola Bochev"]
[Black "Cappello, Renato"]
[Result "1/2-1/2"]
[WhiteElo "2430"]
[BlackElo "2215"]
[PlyCount "63"]
[EventDate "1972.07.26"]

1. e4 e6 2. d4 d5 3. Nd2 c5 4. Ngf3 Nc6 5. exd5 exd5 6. Bb5 Bd6 7. dxc5 Bxc5 8.
O-O Nge7 9. Nb3 Bd6 10. Bg5 f6 11. Bh4 O-O 12. Bg3 Ne5 13. c3 Qc7 14. Nbd4 a6
15. Bd3 Bd7 16. Qc2 Nxd3 17. Qxd3 Rae8 18. Rfe1 Bxg3 19. hxg3 Qd6 20. Rad1 Kh8
21. Nh4 g6 22. Qd2 Kg7 23. Nc2 Bc6 24. Ne3 Rd8 25. Qd4 Rfe8 26. g4 Kf7 27. Nf3
h6 28. Qd3 Qf4 29. Nd4 Bd7 30. g3 Qd6 31. Kg2 Nc6 32. Nf3 1/2-1/2

[Event "III Torneo Internazionale"]
[Site "Bari ITA"]
[Date "1972.07.??"]
[Round "9"]
[White "Paoli, Enrico"]
[Black "Tatai, Stefano"]
[Result "1-0"]
[WhiteElo "2300"]
[BlackElo "2460"]
[PlyCount "81"]
[EventDate "1972.07.26"]

1. e4 c5 2. Nc3 d6 3. f4 Nc6 4. Nf3 g6 5. Bc4 Bg7 6. O-O e6 7. f5 exf5 8. d3
Nge7 9. Qe1 h6 10. Bd2 Ne5 11. Nxe5 Bxe5 12. exf5 Bxf5 13. Nd5 Nxd5 14. Bxd5
Qe7 15. Bf4 O-O-O 16. Qa5 Kb8 17. Rae1 Rhe8 18. Kh1 f6 19. b4 Qc7 20. Qxc7+
Kxc7 21. Bxh6 Rh8 22. Bf4 cxb4 23. Rb1 a5 24. a3 Bc3 25. axb4 axb4 26. Bc1 Rh4
27. Bb2 Bxb2 28. Rxb2 Re8 29. Bf3 Re5 30. Kg1 Be6 31. Rfb1 Rb5 32. c4 Rb6 33.
Rxb4 Rxb4 34. Rxb4 Bc8 35. g3 Rh8 36. h4 Re8 37. Kf2 Re5 38. d4 Ra5 39. g4 Ra2+
40. Kg3 Rd2 41. h5 1-0

[Event "III Torneo Internazionale"]
[Site "Bari ITA"]
[Date "1972.07.??"]
[Round "10"]
[White "Cappello, Renato"]
[Black "Cosulich, Roberto"]
[Result "0-1"]
[WhiteElo "2215"]
[BlackElo "2380"]
[PlyCount "58"]
[EventDate "1972.07.26"]

1. d4 Nf6 2. c4 e6 3. Nc3 Bb4 4. Qc2 c5 5. dxc5 Nc6 6. Nf3 Qa5 7. Bd2 Qxc5 8.
e3 e5 9. Be2 O-O 10. O-O Bxc3 11. Bxc3 a5 12. Rfd1 d6 13. Ng5 h6 14. Ne4 Nxe4
15. Qxe4 Be6 16. b3 Rfd8 17. Rac1 a4 18. Qc2 axb3 19. axb3 Nb4 20. Qd2 Ra2 21.
Bb2 Bf5 22. Ra1 Rda8 23. Rxa2 Rxa2 24. Ra1 Qa5 25. Qc3 Rxa1+ 26. Bxa1 Qa2 27.
Bb2 Bc2 28. f4 Qb1+ 29. Kf2 Na2 0-1